000 00622nam a22002177a 4500
003 BUBTL
008 180725b xxu||||| |||| 00| 0 eng d
020 _a9788126516056
082 _a658.15/ Sh222m/ 2006
100 _9199
_aShapiro, Alan C.
245 _aMultinational Financial Management /
_cAlan C. Shapiro
250 _a8th
260 _aIndia
_bJohn Wiley Sons
_cc2006
300 _a[xxii], 745p . :
_bill. Chart ; 24cm .
500 _aIncludes Index .
650 0 _918
_aFinance
700 _9199
_a Alan C. Shapiro
856 _k0
_l0
_yDownload
942 _2ddc
_cBK
999 _c5750
_d5750